Countries voting against condemning Iran 2020 - Statistics

General Stats
  • This quiz has been taken 58 times
  • The average score is 23 of 32
Answer Stats
Hint Answer % Correct
25 Russia
96%
1 Afghanistan
93%
16 Iraq
93%
21 North Korea
89%
23 Pakistan
89%
27 Syria
89%
9 China
86%
22 Oman
82%
30 Venezuela
82%
13 India
79%
19 Lebanon
79%
10 Cuba
75%
14 Indonesia
75%
17 Kazakhstan
75%
28 Turkmenistan
75%
29 Uzbekistan
75%
4 Belarus
71%
15 Iran
71%
2 Armenia
68%
3 Azerbaijan
68%
8 Cambodia
68%
18 Kyrgyzstan
68%
31 Vietnam
68%
5 Bolivia
64%
26 Sri Lanka
57%
32 Zimbabwe
57%
6 Brunei
54%
20 Nicaragua
54%
7 Burundi
46%
11 Eritrea
46%
24 Philippines
43%
12 Guinea
25%
No matching quizzes found
Score Distribution
Percent of People with Each Score
Percentile by Number Answered
Your Score History
You have not taken this quiz